000 00653nam a2200241Ia 4500
003 OSt
005 20220924122437.0
006 a|||||r|||| 00| 0
007 ta
008 220923b |||||||| |||| 00| 0 urd d
020 _c150.00
024 _a311833
037 _cTextual
040 _aARTS
_cARTS
_burd
041 _2urd
_aurd
082 _aO168,1:gwN, N4
100 _aAkhtar Malik Hasan
_9189537
245 0 _aUrdu Shairi mein tazah goiki tehreek
260 _aLahore
_bYulimer Pakistan
_c1994
650 _aURDU POETRY
942 _hO168,1:gwN, N4
_cTEXL
_2CC
999 _c411669
_d411669